| 000 | 00534nam a22001937a 4500 | ||
|---|---|---|---|
| 003 | OSt | ||
| 005 | 20250919031521.0 | ||
| 008 | 250919b |||||||| |||| 00| 0 eng d | ||
| 020 | _a978-962-593-556-8 | ||
| 040 |
_aDWC-Main lib _cOC |
||
| 082 | _aCirc. 641.865 Q6 1999 | ||
| 245 | _a Quiches pies & tarts/ | ||
| 260 |
_aSydney, N. S. W.: _b Murdoch Book, _cc1999. |
||
| 300 |
_a112 pages: _bcolor illustration; _c 28cm. |
||
| 504 | _aIncludes index | ||
| 650 | _a1. Pies | ||
| 650 | _a2. Quiches | ||
| 942 |
_2ddc _cBK-CIRC _kCirc. _n0 |
||
| 999 |
_c4488 _d4488 |
||